|
|
|
|
| LEADER |
01263nam a2200361 4500 |
| 001 |
DLU030023190 |
| 005 |
##20010814111813.0 |
| 008 |
##010531s2001 gw a b 101 0 eng |
| 010 |
# |
# |
|a 2001041094
|
| 020 |
# |
# |
|a 3540422250 (pbk. : alk. paper)
|
| 040 |
# |
# |
|a DLC
|c DLC
|d DLC
|
| 042 |
# |
# |
|a pcc
|
| 050 |
# |
# |
|a T57.74
|b .C625 2001
|
| 082 |
# |
# |
|a 519.77
|b IPC
|
| 111 |
# |
# |
|a Conference on Integer Programming and Combinatorial Optimization
|n (8th :
|d 2001 :
|c Utrecht, Netherlands)
|
| 245 |
# |
# |
|a Integer programming and combinatorial optimization :
|b 8th International IPCO Conference, Utrecht, the Netherlands, June 13-15, 2001 : proceedings /
|c Karen Aardal, Bert Gerards (eds.).
|
| 260 |
# |
# |
|a Berlin ;
|a New York :
|b Springer,
|c c2001.
|
| 300 |
# |
# |
|a xi, 421 p. :
|b ill. ;
|c 24 cm.
|
| 440 |
# |
# |
|a Lecture notes in computer science ;
|v 2081
|
| 504 |
# |
# |
|a Includes bibliographical references.
|
| 650 |
# |
# |
|a Combinatorial optimization
|v Congresses.
|
| 650 |
# |
# |
|a Integer programming
|v Congresses.
|
| 700 |
# |
# |
|a Aardal, K.
|q (Karen)
|
| 700 |
# |
# |
|a Gerards, A. M. H.
|
| 992 |
# |
# |
|a 87.10
|
| 994 |
# |
# |
|a DLU
|
| 900 |
# |
# |
|a True
|
| 911 |
# |
# |
|a Phan Ngọc Đông
|
| 925 |
# |
# |
|a G
|
| 926 |
# |
# |
|a A
|
| 927 |
# |
# |
|a SH
|
| 980 |
# |
# |
|a Thư viện Trường Đại học Đà Lạt
|